Criminología de campo: perfiles criminales y víctimas (Registro nro. 7490)

Detalles MARC
000 -Cabecera
Campo de control de longitud fija 00779nam a22002897a 4500
005 - Fecha y hora de la última transacción
Campo de control 20260320162646.0
008 - Elementos de longitud fija--Información general
Campo de control de longitud fija 160125b2012 xxu||||| |||| 00| | spa d
020 ## - International Standard Book Number
Número Internacional Estándar del Libro (ISBN) 9786071710932
041 ## - Idioma
Código de idioma Español
082 ## - Clasificación Decimal Dewey
Número de clasificación 364.3 EC18c
100 ## - Entrada principal--Autor personal
Nombre personal Echeverría Solano, Federico
9 (RLIN) 2151
245 ## - Título propiamente dicho
Título Criminología de campo: perfiles criminales y víctimas
260 ## - Pie de imprenta
Lugar de publicación, distribución, etc. México
260 ## - Pie de imprenta
Nombre del editor, distribuidor, etc. Trillas
260 ## - Pie de imprenta
Fecha de publicación, distribución, etc. 2012
300 ## - Descripción física
Extensión 139 páginas
490 ## - Serie
Título de la Serie Investigación Criminal
650 ## - Materia general
Temática (materia general) PSICOLOGIA CRIMINAL
650 ## - Materia general
Temática (materia general) RITUAL DEL CAOS
650 ## - Materia general
Temática (materia general) SIMBOLO DEL VICTIMARIO
650 ## - Materia general
Temática (materia general) MODUS OPERANDI
650 ## - Materia general
Temática (materia general) SIMBOLOS DE LAS LETRAS
650 ## - Materia general
Temática (materia general) CRESMOLOGIA
650 ## - Materia general
Temática (materia general) VICTIMA GENEALOGICA
650 ## - Materia general
Temática (materia general) GEOMETRIAS CRIMINOGENAS
942 ## - Punto de acceso adicional KOHA
Tipo de ítem KOHA Libro
Fuente del sistema de clasificación o colocación Dewey Decimal Classification
Existencias
Signatura completa Código de barras Programa Académico Tipo de ítem
364.3 EC18c 19818 Investigación Criminal Libro
364.3 EC18c 19819 Investigación Criminal Libro
364.3 EC18c 19820 Investigación Criminal Libro